Ruidos de sables / (Registro nro. 7088)
[ vista simple ]
| 000 -LEADER | |
|---|---|
| fixed length control field | 01185cam a22002654a 4500 |
| 003 - CONTROL NUMBER IDENTIFIER | |
| control field | OSt |
| 005 - DATE AND TIME OF LATEST TRANSACTION | |
| control field | 20210202120610.0 |
| 008 - FIXED-LENGTH DATA ELEMENTS--GENERAL INFORMATION | |
| fixed length control field | 040329s2003 ck 000 0dspa |
| 020 ## - INTERNATIONAL STANDARD BOOK NUMBER | |
| International Standard Book Number | 9584208098 |
| 040 ## - CATALOGING SOURCE | |
| Original cataloging agency | DLC |
| Transcribing agency | CO-JMCR |
| 041 0# - LANGUAGE CODE | |
| Language code of text/sound track or separate title | spa |
| 082 04 - DEWEY DECIMAL CLASSIFICATION NUMBER | |
| Classification number | 355.0330861 / |
| Item number | T626r |
| Edition number | 23 |
| 100 1# - MAIN ENTRY--PERSONAL NAME | |
| Personal name | Téllez, Edgar. |
| Relator term | autor |
| 9 (RLIN) | 12960 |
| 245 10 - TITLE STATEMENT | |
| Title | Ruidos de sables / |
| Statement of responsibility, etc. | Edgar Téllez, Alvaro Sánchez. |
| 250 ## - EDITION STATEMENT | |
| Edition statement | Primera edición |
| 260 ## - PUBLICATION, DISTRIBUTION, ETC. | |
| Place of publication, distribution, etc. | Bogotá : |
| Name of publisher, distributor, etc. | Planeta, |
| Date of publication, distribution, etc. | 2003. |
| 300 ## - PHYSICAL DESCRIPTION | |
| Extent | xv, 343 páginas ; |
| Dimensions | 22 cm. |
| 505 ## - FORMATTED CONTENTS NOTE | |
| Formatted contents note | El ultimo golpe -- Alberto Lleras Camargo -- Carlos Lleras Restrepo -- Misael Pastrana Borrero -- Alfonso López Michelsen -- Julio César Turbay Ayala -- Belisario Betancur Cuartas -- Virgilio Barco Vargas --César Gaviria Trujillo -- Ernesto Samper Pizano -- Andrés Pastrana Arango -- Álvaro Uribe Vélez |
| 650 24 - SUBJECT ADDED ENTRY--TOPICAL TERM | |
| Topical term or geographic name entry element | Coups d'etat |
| Geographic subdivision | Colombia |
| General subdivision | History |
| Chronological subdivision | 20th century. |
| 9 (RLIN) | 12961 |
| 650 24 - SUBJECT ADDED ENTRY--TOPICAL TERM | |
| Topical term or geographic name entry element | Civil-military relations |
| Geographic subdivision | Colombia |
| General subdivision | History |
| Chronological subdivision | 20th century. |
| 9 (RLIN) | 12962 |
| 650 24 - SUBJECT ADDED ENTRY--TOPICAL TERM | |
| Topical term or geographic name entry element | Soldiers |
| Geographic subdivision | Colombia |
| Form subdivision | Anecdotes. |
| 9 (RLIN) | 12963 |
| 700 1# - ADDED ENTRY--PERSONAL NAME | |
| Personal name | Sánchez, Alvaro. |
| Relator term | autor |
| 9 (RLIN) | 12964 |
| 942 ## - ADDED ENTRY ELEMENTS (KOHA) | |
| Source of classification or shelving scheme | Dewey Decimal Classification |
| Koha item type | Books |
| Withdrawn status | Lost status | Source of classification or shelving scheme | Damaged status | Not for loan | Home library | Current library | Shelving location | Date acquired | Source of acquisition | Total Checkouts | Full call number | Barcode | Date last seen | Copy number | Price effective from | Koha item type |
|---|---|---|---|---|---|---|---|---|---|---|---|---|---|---|---|---|
| Dewey Decimal Classification | Biblioteca Pública José María del Castillo y Rada | Biblioteca Pública José María del Castillo y Rada | General Stacks | 10/02/2020 | Donación | 355.0330861 / T626r | 201810168 | 05/16/2024 | Ej.1 | 10/02/2020 | Books |